000 00757nas a2200253 4500
001 BR9203815
003 BR-BrBNA
005 20231205095101.0
007 ta
008 230509b bl.|||p| |||| 00| 00por d
040 _aBR-BrBNA
_bpor
_cBiblioteca Nacional de Agricultura
041 _a(Pt)
072 _aH10
100 1 _aCosta, E.C.
100 1 _aLink, D.
100 1 _aEstefanel, V.
245 1 _aDistribuicao espacial e plano de amostragem sequencial para lagartas na soja
650 _aSoja
650 _aLagarta
650 _aControle Quimico
773 0 _tRevista do Centro de Ciencias Rurais (Brazil)
_xISSN 0085-5901
_g(Jul-Sep 1987), v. 17(3) p. 181-192
_wBR9203815
909 _a202311
_bLúcia
_c55
_dLúcia Elande
942 _2AGRIS
_n0
_cANA
999 _c148632
_d148632